000 00635nam a2200205Ii 4500
003 JO-AjNU
008 230605s9999||||xx |||||||||||||| ||und||
040 _aJO-AjNU
_bara
_erda
_cJO-AjNU
041 _aara
050 1 4 _aHF 5686 .C7.M83 1998
100 3 _aكراجة، عبدالحليم ,
_eauthor
_945855
245 0 0 _aمحاسبة الشركات
250 _aط2
264 3 1 _aاربد: دار الامل للنشر والتوزيع، 1998
300 _a387ص
336 _atext
_btxt
_2rdacontent
337 _aunmediated
_bn
_2rdamedia
338 _avolume
_bnc
_2rdacarrier
650 4 _a محاسبة الشركات
_945856
999 _aA19907
_c23475
_d23475